Normal view MARC view
  • MS-EEP Thesis MS Thesis

Entry Topical Term

Number of records used in: 1

001 - CONTROL NUMBER

  • control field: 116426

003 - CONTROL NUMBER IDENTIFIER

  • control field: NUST

005 - DATE AND TIME OF LATEST TRANSACTION

  • control field: 20230912165943.0

008 - FIXED-LENGTH DATA ELEMENTS

  • fixed length control field: 230912|| aca||aabn | a|a d

040 ## - CATALOGING SOURCE

  • Original cataloging agency: NUST
  • Transcribing agency: NUST

150 ## - HEADING--TOPICAL TERM

  • Topical term or geographic name entry element: MS-EEP Thesis MS Thesis

670 ## - SOURCE DATA FOUND

  • Source citation: Work cat.: (NUST): Hussain Ali (00000171769) 116425, Exploring the coherence in energy policy of Pakistan for the development of a sustainable energy infrastructure /, 2019
© 2023 Central Library, National University of Sciences and Technology. All Rights Reserved.